Ultimos #5 de la Selección Argentina (2000-25) - Estadísticas

Estadísticas generales
  • Esta prueba ha sido intentada 86 veces
    45 desde el último reinicio
  • La puntuación promedio es 16 de 22
Estadísticas de respuestas
Imagen Hint Respuesta % Correcto
2021-2022 Alexis Mac Allister
100%
2006-09/2011-16 Fernando Gago
100%
2003-05 Javier Mascherano
100%
2015-17/2018-Act. Leandro Paredes
100%
2011-12 Marcos Rojo
100%
2020-21 Nahuel Molina
95%
2000/2004-06/2008-11 Esteban Cambiasso
93%
2015-16 Pablo Pérez
93%
2011-12/2017-18 Lucas Biglia
90%
2020-21 Lisandro Martínez
85%
2004-05 Sebastián Battaglia
85%
2000-02 Matías Almeyda
80%
2015-16 Matías Kranevitter
80%
2004-05 Lucho González
59%
2000-01 Mauricio Pochettino
59%
2004-05 Fernando Belluschi
56%
2015-16 Guido Pizarro
56%
2008-10 Mario Bolatti
41%
2004-05 Lucas Bernardi
39%
2011-12 Gino Peruzzi
34%
2024-25 Enzo Barrenechea
29%
2004-05 Aldo Duscher
10%
No se encontraron pruebas coincidentes
Distribución de puntuación
Porcentaje de gente con cada puntuación
Porcentaje por número respondido
Historial de tus puntuaciones
No has intentado esta prueba desde el último reinicio